<?xml version='1.0' encoding='UTF-8'?>
  <record xmlns="http://www.loc.gov/MARC21/slim">
    <leader>00000cam a2200000 i 4500</leader>
    <controlfield tag="001">ocm66856478</controlfield>
    <controlfield tag="003">OCoLC</controlfield>
    <controlfield tag="005">20240401231933.6</controlfield>
    <controlfield tag="008">031214s1586    gw            000 0 ger d</controlfield>
    <datafield tag="040" ind1=" " ind2=" ">
      <subfield code="a">NLGGC</subfield>
      <subfield code="b">dut</subfield>
      <subfield code="e">fobidrtb</subfield>
      <subfield code="c">NLGGC</subfield>
      <subfield code="d">OCLCO</subfield>
      <subfield code="d">OCLCL</subfield>
      <subfield code="d">OCLCQ</subfield>
    </datafield>
    <datafield tag="029" ind1="0" ind2=" ">
      <subfield code="a">NLGGC</subfield>
      <subfield code="b">257910409</subfield>
    </datafield>
    <datafield tag="035" ind1=" " ind2=" ">
      <subfield code="a">(OCoLC)66856478</subfield>
    </datafield>
    <datafield tag="041" ind1="1" ind2=" ">
      <subfield code="a">ger</subfield>
      <subfield code="h">lat</subfield>
    </datafield>
    <datafield tag="245" ind1="0" ind2="4">
      <subfield code="a">Der Calvinisten Brunst, durch des Königs von Navarra Bottschaft, bey ettlichen Ständen des Reichs, gahr newlicher tagen zu ohngezweiffelter Zerstörung der Religion, und gemeynem Nutzens angelegt; eben in solcher gutter Trew, unnd Glauben, wie derselb vortefflich eines sechsten Theils Königreichs Monarch, vor nicht viel Jahren, mit Mundt, Schriefften, unnd eines Abgesandten Wortten, mit angeheffter Verschwerung aller Irthumb, unnd newer Lehren, dem Bapst zu Rom geschworen, verheissen und zugesagt hatte /</subfield>
      <subfield code="c">dem Frommen Gottsehligen zum besten Ahntag geben, und durch einen gutthertzigen auss seines gepiettenden Herzn Bevelch, auss dem Latein in die Teutsche Sprach bracht.</subfield>
    </datafield>
    <datafield tag="260" ind1=" " ind2=" ">
      <subfield code="a">[München] :</subfield>
      <subfield code="b">[Adam Berg],</subfield>
      <subfield code="c">1586.</subfield>
    </datafield>
    <datafield tag="300" ind1=" " ind2=" ">
      <subfield code="a">[120] p. ;</subfield>
      <subfield code="c">in-4.</subfield>
    </datafield>
    <datafield tag="336" ind1=" " ind2=" ">
      <subfield code="a">tekst</subfield>
      <subfield code="b">txt</subfield>
      <subfield code="2">rdacontent/dut</subfield>
    </datafield>
    <datafield tag="337" ind1=" " ind2=" ">
      <subfield code="a">zonder medium</subfield>
      <subfield code="b">n</subfield>
      <subfield code="2">rdamedia/dut</subfield>
    </datafield>
    <datafield tag="338" ind1=" " ind2=" ">
      <subfield code="a">band</subfield>
      <subfield code="b">nc</subfield>
      <subfield code="2">rdacarrier/dut</subfield>
    </datafield>
    <datafield tag="500" ind1=" " ind2=" ">
      <subfield code="a">Toegeschreven aan Martin Chemnitz of Erasmus Fend.</subfield>
    </datafield>
    <datafield tag="510" ind1="0" ind2=" ">
      <subfield code="a">VD 16.1, F 719</subfield>
    </datafield>
    <datafield tag="600" ind1="1" ind2="4">
      <subfield code="a">Hendrik IV,</subfield>
      <subfield code="c">koning van Frankrijk.</subfield>
    </datafield>
    <datafield tag="700" ind1="1" ind2=" ">
      <subfield code="a">Chemnitz, Martin,</subfield>
      <subfield code="d">1522-1586.</subfield>
      <subfield code="1">https://id.oclc.org/worldcat/entity/E39PBJwMFKKjQyJjGMFXFmMByd</subfield>
    </datafield>
    <datafield tag="700" ind1="1" ind2=" ">
      <subfield code="a">Fend, Erasmus,</subfield>
      <subfield code="d">1532-1587.</subfield>
      <subfield code="1">https://id.oclc.org/worldcat/entity/E39PBJjMGjwFT8tf3fDvdpQyVC</subfield>
    </datafield>
    <datafield tag="758" ind1=" " ind2=" ">
      <subfield code="a">Der Calvinisten Brunst, durch des Königs von Navarra Bottschaft, bey ettlichen Ständen des Reichs, gahr newlicher tagen zu ohngezweiffelter Zerstörung der Religion, und gemeynem Nutzens angelegt; eben in solcher gutter Trew, unnd Glauben, wie derselb vortefflich eines sechsten Theils Königreichs Monarch, vor nicht viel Jahren, mit Mundt, Schriefften, unnd eines Abgesandten Wortten, mit angeheffter Verschwerung aller Irthumb, unnd newer Lehren, dem Bapst zu Rom geschworen, verheissen und zugesagt hatte (Text)</subfield>
      <subfield code="1">https://id.oclc.org/worldcat/entity/E39PCFDH88Tqq3kWJp9y8kFFXb</subfield>
      <subfield code="4">https://id.oclc.org/worldcat/ontology/hasWork</subfield>
    </datafield>
    <datafield tag="765" ind1="0" ind2=" ">
      <subfield code="t">Incendium calvinisticum regis Navarri legatione</subfield>
    </datafield>
    <datafield tag="936" ind1=" " ind2=" ">
      <subfield code="a">BATCHLOAD</subfield>
    </datafield>
  </record>